| 000 | 00739nam a2200217 a 4500 | ||
|---|---|---|---|
| 008 | 080208s2008||||xo g 010 f slo d | ||
| 020 |
_a9788055115948 _q(viaz.) _c249 |
||
| 040 |
_aPPPK _bslo _cPPPK _dSNK _eAACR2 _dPOKPOH |
||
| 041 | 1 |
_aslo _heng |
|
| 044 |
_axo _cSK _cSK |
||
| 072 | 7 |
_a821.111(73)-3 _xAmerická próza _2konspekt |
|
| 080 |
_a821.111(73)-31 _22001 |
||
| 100 | 1 |
_aSteel, Danielle, _d1947- |
|
| 240 | 1 | 0 |
_aBungalow 2 _lSlovensky |
| 245 | 1 | 0 |
_aApartmán č. 2 _cDanielle Steel ; [z anglického originálu preložila Tamara Chovanová] |
| 250 | _a[1. vyd.] | ||
| 260 |
_aBratislava _bIkar _c2008 |
||
| 300 |
_a287 s. _c21 cm |
||
| 700 | 1 |
_aChovanová, Tamara, _d1953- _4trl |
|
| 765 | 0 |
_tBungalow 2. Slovensky _aSteel, Danielle, 1947- |
|
| 999 |
_c8123 _d8123 |
||